Normal view
MARC view
Entry Nombre corporativo
001 - NÚMERO DE CONTROL
- campo de control: 146348
003 - IDENTIFICADOR DEL NÚMERO DE CONTROL
- campo de control: OSt
005 - FECHA Y HORA DE LA ÚLTIMA TRANSACCIÓN
- campo de control: 20220127160146.0
008 - DATOS DE LONGITUD FIJA
- campo de control de longitud fija: 220127|| aca||aabn | a|a d
040 ## - FUENTE DE LA CATALOGACIÓN
- Centro catalogador/agencia de origen: OSt
- Centro/agencia transcriptor: OSt
110 ## - ENCABEZAMIENTO-NOMBRE DE ENTIDAD CORPORATIVA
- Nombre de entidad corporativa o nombre de jurisdicción como elemento de entrada: Revista Ganadero Semex, imágenes \ About.com, gráficas \ Ganaderos Productores de Leche Pura
670 ## - FUENTE DE DATOS ENCONTRADOS
- Cita de la fuente: Work cat.: (OSt)170190: La autosuficiencia lechera en México es posible : un análisis de información confiable sobre la ganadería y la industria lechera, para demostrar la conveniencia y posibilidad de asegurar la autosuficiencia del país en la producción de leche : una propuesta para enfrentar y superar el reto de la alimentación en el siglo XXI /
